Southville International School and Colleges
Your cart is empty.
  • Cart
  • Lists
    Public lists Eva Luna New books Lux_list list_1
    Your lists Log in to create your own lists
  • Log in to your account
  • Your cookies
  • Search history
Southville International School and Colleges
  • Advanced search
  • Recent comments
  • Most popular
  • Libraries

Log in to your account

Log in with GOOGLE


If you do not have an external account, but do have a local account, you can still log in:

  1. Home
  2. MARC view: Integrated principles of zoology
Normal view MARC view ISBD view

Integrated principles of zoology (Record no. 16755)

[ view plain ]
MARC details
000 -LEADER
fixed length control field 01487cam a2200373 a 4500
001 - CONTROL NUMBER
control field 13127696
003 - CONTROL NUMBER IDENTIFIER
control field OSt
005 - DATE AND TIME OF LATEST TRANSACTION
control field 20140310182836.0
008 - FIXED-LENGTH DATA ELEMENTS--GENERAL INFORMATION
fixed length control field 030318s2004 maua b 001 0 eng
010 ## - LIBRARY OF CONGRESS CONTROL NUMBER
LC control number 2003006561
020 ## - INTERNATIONAL STANDARD BOOK NUMBER
International Standard Book Number 978007127438
040 ## - CATALOGING SOURCE
Original cataloging agency DLC
Transcribing agency DLC
Modifying agency DLC
042 ## - AUTHENTICATION CODE
Authentication code pcc
050 00 - LIBRARY OF CONGRESS CALL NUMBER
Classification number QL 47.2
Item number .H627 2009
082 00 - DEWEY DECIMAL CLASSIFICATION NUMBER
Classification number M 590
-- 14th ed.
Item number In9 2009
245 00 - TITLE STATEMENT
Title Integrated principles of zoology
Statement of responsibility, etc Hickman, Cleveland P. Jr. ... [et al.] ;
250 ## - EDITION STATEMENT
Edition statement 14th ed.
260 ## - PUBLICATION, DISTRIBUTION, ETC. (IMPRINT)
Place of publication, distribution, etc New York :
Name of publisher, distributor, etc McGraw-Hill Companies, Inc.,
Date of publication, distribution, etc c2009.
300 ## - PHYSICAL DESCRIPTION
Extent xiv, 910 p. :
Other physical details ill. ;
Dimensions 26 cm.
500 ## - GENERAL NOTE
General note Rev. ed. of: Integrated principles of zoology / Cleveland P. Hickman, Jr., Larry S. Roberts, Allan Larson. 11th ed. c2001.
504 ## - BIBLIOGRAPHY, ETC. NOTE
Bibliography, etc Includes bibliographical references.
521 ## - TARGET AUDIENCE NOTE
Target audience note
526 ## - STUDY PROGRAM INFORMATION NOTE
Reading level 1210L to 1700L
541 ## - IMMEDIATE SOURCE OF ACQUISITION NOTE
-- 1
562 ## - COPY AND VERSION IDENTIFICATION NOTE
Number of copies for circulation. 1 copy available in the collection
650 #0 - SUBJECT ADDED ENTRY--TOPICAL TERM
Topical term or geographic name as entry element Zoology.
700 1# - ADDED ENTRY--PERSONAL NAME
Personal name Hickman, Cleveland P.
700 1# - ADDED ENTRY--PERSONAL NAME
Personal name Hickman, Cleveland P.
Title of a work Integrated principles of zoology.
856 41 - ELECTRONIC LOCATION AND ACCESS
Materials specified Table of contents only
Uniform Resource Identifier <a href="http://www.loc.gov/catdir/toc/ecip041/2003006561.html">http://www.loc.gov/catdir/toc/ecip041/2003006561.html</a>
856 42 - ELECTRONIC LOCATION AND ACCESS
Materials specified Publisher description
Uniform Resource Identifier <a href="http://www.loc.gov/catdir/enhancements/fy0632/2003006561-d.html">http://www.loc.gov/catdir/enhancements/fy0632/2003006561-d.html</a>
906 ## - LOCAL DATA ELEMENT F, LDF (RLIN)
a 7
b cbc
c orignew
d 1
e ecip
f 20
g y-gencatlg
942 ## - ADDED ENTRY ELEMENTS (KOHA)
Source of classification or shelving scheme Library of Congress Classification
Koha item type Books
Call number prefix
Holdings
Withdrawn status Lost status Source of classification or shelving scheme Damaged status Home library Current library Shelving location Date acquired Total Checkouts Total Renewals Full call number Barcode Date last seen Date checked out Copy number Price effective from Koha item type
    Library of Congress Classification   College Library College Library General Circulation Section 06/06/2013 3 9 QL 47.2 .H627 2009 C12509 12/05/2018 01/17/2017 1 06/06/2013 Books

Integrated principles of zoology

APA

Hickman C. P., Hickman C. P., . (2009). Integrated principles of zoology. New York: McGraw-Hill Companies, Inc.

Chicago

Hickman Cleveland P, Hickman Cleveland P, . 2009. Integrated principles of zoology. New York: McGraw-Hill Companies, Inc.

Harvard

Hickman C. P., Hickman C. P., . (2009). Integrated principles of zoology. New York: McGraw-Hill Companies, Inc.

MLA

Hickman Cleveland P, Hickman Cleveland P, . Integrated principles of zoology. New York: McGraw-Hill Companies, Inc. 2009.

  • Place hold
  • Print
  • Cite
  • Add to your cart (remove)
  • Save record
    BIBTEX Dublin Core MARCXML MARC (non-Unicode/MARC-8) MARC (Unicode/UTF-8) MARC (Unicode/UTF-8, Standard) MODS (XML) RIS
  • More searches
    Search for this title in:
    Other Libraries (WorldCat) Other Databases (Google Scholar) Online Stores (Bookfinder.com) Open Library (openlibrary.org)

Exporting to Dublin Core...

SOUTHVILLE LIBRARY

Southville International School and Colleges Library

1281 Tropical Ave. Cor. Luxembourg St., BF Homes International, Las Pinas City

Tel. No. 8256374 / 252358 Loc. 117/146

Powered by Koha